| 000 | 01715cam a22004814i 4500 | ||
|---|---|---|---|
| 003 | PE-LiUPU | ||
| 005 | 20250731172959.0 | ||
| 008 | 150623s r 000 0 d | ||
| 020 | _a8471189143 | ||
| 035 | _a(Sirsi) i9788471189141 | ||
| 040 |
_aPE-LiUPU _bspa _cPE-LiUPU _erda |
||
| 049 | _aPRUA | ||
| 082 | 0 | 4 |
_a291.2 _bC74 _221 |
| 110 | 2 | _aIglesia Católica. Congregatio pro Doctrina Fidei | |
| 245 | 1 | 3 |
_aEl don de la verdad: sobre la vocación eclesial del teólogo; instrucción y comentarios / _cJoseph Ratzinger ; A. Bovone .. [et al.] ; prólogo, Ricardo Blázquez ; [traducción, Pedro Antonio Urbina]. |
| 264 | 1 |
_aMadrid : _bEdiciones Palabra, _c1993. |
|
| 300 |
_a224 páginas ; _c21.5 centímetros |
||
| 336 |
_atext _2rdacontent |
||
| 337 |
_aunmediated _2rdamedia |
||
| 338 |
_avolume _2rdacarrier |
||
| 490 | 0 |
_aLibros Palabra ; _v5 |
|
| 504 | _aIncluye bibliografía al pie de páginas. | ||
| 505 | 0 | _aInstrucción sobre la vocación eclesial del teólogo. -Comentarios. -Apéndice. | |
| 526 | _aSEG42 | ||
| 526 | _aSEG41 | ||
| 526 | _aSEG40 | ||
| 526 | _aSEG39 | ||
| 526 | _aP94 | ||
| 526 | _aP87 | ||
| 526 | _aP86 | ||
| 526 | _aP85 | ||
| 526 | _aP77 | ||
| 526 | _aP76 | ||
| 526 | _aP35 | ||
| 650 | 0 | 4 | _aTeología. |
| 700 | 1 | _aBenedicto XVI. | |
| 942 |
_2ddc _cBOOK |
||
| 949 |
_a291.2 C74 _wDEWEY _c1 _i45452 _lCCODEBUL1 _mBUL _r0 _sY _tBOOK _u2015-6-24 _xTEOLOGIA _PP35 _0COMPRA _o.STAFF. Colección General |
||
| 994 |
_aC0 _bPEPRU |
||
| 596 | _a1 | ||
| 999 |
_a291.2 C74 _wDEWEY _c22315 _i45452 _d22315 _f2021-11-11 _g5 _lCCODEBUL1 _mBUL _q1 _r0 _sY _tBOOK _u2015-6-24 _xTEOLOGIA _PP35 _0COMPRA _o.STAFF. Colección General |
||
| 980 |
_81 _gALBERTO SANCHEZ Responsable de Automatización |
||